000 00232nam a22001097a 4500
082 _a954/RO
100 _aRoy,B.V.
_983655
245 _aOLD Calcutta Cameos
260 _aKolkata
_bSahityaloke
_c2021
650 _aHistory
942 _cBK
999 _c68598
_d68598